jelly belly flavors - Statistics

General Stats
  • This quiz has been taken 20 times
  • The average score is 19 of 50
Answer Stats
Answer % Correct
root beer
83%
blueberry
75%
coconut
75%
mango
67%
plum
67%
berry blue
58%
cinnamon
58%
Dr pepper
58%
green apple
58%
lemon lime
58%
licorice
58%
peach
58%
raspberry
58%
watermelon
58%
bubble gum
50%
caramel corn
50%
cream soda
50%
kiwi
50%
buttered popcorn
42%
Pina colada
42%
strawberry cheesecake
42%
cantaloupe
33%
chocolate pudding
33%
cotton candy
33%
island punch
33%
juicy pear
33%
orange sherbet
33%
toasted marshmallow
33%
top banana
33%
very cherry
33%
cappuccino
25%
French vanilla
25%
red apple
25%
sizzling cinnamon
25%
sour cherry
25%
strawberry daiquiri
25%
strawberry jam
25%
wild blackberry
25%
chili mango
17%
crushed pineapple
17%
lemon drop
17%
margarita
17%
mixed berry smoothie
17%
Sunkist lemon
17%
Sunkist orange
17%
Sunkist tangerine
17%
tutti-fruitti
17%
pomegranate
8%
Sunkist lime
8%
Sunkist pink grapefruit
8%
No matching quizzes found
Score Distribution
Percent of People with Each Score
Percentile by Number Answered
Your Score History
You have not taken this quiz